State by Three Cities #1 - Statistics

General Stats
  • This quiz has been taken 42 times
    17 since last reset
  • The average score is 14 of 16
Answer Stats
Cities State % Correct
Albany, Buffalo, Syracuse New York
100%
Fresno, Oxnard, San Bernardino California
94%
Hialeah, Jacksonville, Orlando Florida
94%
Shreveport, New Orleans, Baton Rouge Louisiana
94%
Grand Rapids, Warren, Livonia Michigan
94%
Gulfport, Southaven, Jackson Mississippi
94%
Reno, Henderson, North Las Vegas Nevada
94%
Spartanburg, Myrtle Beach, Greenville South Carolina
94%
Plano, Houston, Corpus Christi Texas
94%
Waipahu, Pearl City, Honolulu Hawaii
88%
Billings, Helena, Bozeman Montana
88%
Salem, Hillsboro, Eugene Oregon
88%
Watertown, Brookings, Sioux Falls South Dakota
88%
Manchester, Concord, Nashua New Hampshire
81%
Parkersburg, Charleston, Wheeling West Virginia
81%
Auburn, Bangor, Lewiston Maine
75%
No matching quizzes found
Score Distribution
Percent of People with Each Score
Percentile by Number Answered
Your Score History
You have not taken this quiz since the last reset